00653nam a2200169 a 4500008004100000050001500041100004600056245012700102260004000229300002000269350000900289490003300298650001400331650005900345650005800404700002100462080331s1998 ||||||||||||||||| || u aIBRD(08)DP aRuitenbeek, Jack: Motta, Ronaldo Seroa Da10aMarket-based instruments for environmental policymaking in latin america and the carribbean: lessons from eleven countries aWashington, D. C.bWorld Bankc1998 avii, 79p. :ill. a0.00 aWorld Bank Discussion Papers 0aECONOMICS 0aENVIRONMENTAL POLICY--ECONOMIC ASPECTS--CARIBBEAN AREA 0aENVIRONMENTAL POLICY--ECONOMIC ASPECTS--LATIN AMERICA aHuber, Richard M